| 000 | 00401nam a22001457a 4500 | ||
|---|---|---|---|
| 082 | _aT-221 | ||
| 100 |
_aAnsar Zaman _951259 |
||
| 245 | _aDevelopment of risk based asset management frame work for highway BOT projects in pakistan | ||
| 260 |
_aRisalpur, _bMCE, _c2017. |
||
| 300 | _a112p. | ||
| 526 |
_a0 _b0 _c0 _dT_221 |
||
| 650 |
_aCE&M _951260 |
||
| 700 |
_aCol Dr Irfan _951261 |
||
| 942 |
_2ddc _cBK |
||
| 999 |
_c553988 _d553988 |
||